| 000 | 00452nam a2200181Ia 4500 | ||
|---|---|---|---|
| 005 | 20250423101245.0 | ||
| 008 | 250422s9999 xx 000 0 und d | ||
| 020 | _a0863076971 | ||
| 050 | _aPR 6013 .A5 F56/ | ||
| 100 | _aGalsworthy, John | ||
| 245 | 4 | _aThe forsyte saga | |
| 260 | _aLondon | ||
| 260 | _bMarshall Cavendish Ltd | ||
| 260 | _c1922 | ||
| 300 | _a792 p | ||
| 650 | _aForsyte family (Fictitious characters) --Fiction | ||
| 942 | _cBK | ||
| 999 |
_c35768 _d35768 |
||